| 000 | 00515ntaaa2200205 4500 | ||
|---|---|---|---|
| 003 | 01 | ||
| 005 | 20251027201649.0 | ||
| 008 | 0714s1973 ag 01 | ||
| 020 | _a8476453221 | ||
| 040 |
_aAR-BaBN _bspa _cAR-BaBN _eaacr _dRIC |
||
| 082 | _a232.9000 Ed2v | ||
| 100 | _aEdersheim, Alfred | ||
| 245 | _aLa vida y los tiempos de Jesus el Mesias | ||
| 250 | _a1 ed. | ||
| 260 |
_aBarcelona : _bClie, _c1989 |
||
| 300 |
_a2 t ; _c22 cm |
||
| 500 | _aContiene indices | ||
| 650 |
_aJesucristo-vida _91884 |
||
| 942 | _cBK | ||
| 999 |
_c11357 _d11357 |
||